| 000 | 00614nam a22002057a 4500 | ||
|---|---|---|---|
| 005 | 20250903155000.0 | ||
| 008 | 250903b |||||||| |||| 00| 0 eng d | ||
| 037 | _c978-93-83337-47-7 (pbk) | ||
| 040 |
_aCRL _cCRL |
||
| 041 |
_2SIN _aSIN |
||
| 084 |
_az 1593R2 _bCRL |
||
| 100 |
_aSadarangani, Bhavishya _9819989 |
||
| 245 | _aSawalan ji chhabi | ||
| 260 |
_aAjmer, India: _bShabd saadhna, _c2022. |
||
| 300 | _a75p. | ||
| 365 |
_b350.00 _cINR |
||
| 650 | _aGeneralia | ||
| 942 |
_2CC _cTB _hz 1593R2 _n0 |
||
| 999 |
_c1435147 _d1435147 |
||